Analýza väzieb súvahy a výkazu ziskov a strát účtovnej závierky podnikateľa (so zameraním na veľkú účtovnú jednotku) diplomová práca

Na minha lista:
Detalhes bibliográficos
Autor principal: Maruniaková, Nikola
Autor Corporativo: Fakulta hospodárskej informatiky EU. Katedra účtovníctva a audítorstva
Outros Autores: Šlosárová, Anna
Formato: Livro
Idioma:eslovaco
Publicado em: Bratislava 2018
Tags: Adicionar Tag
Sem tags, seja o primeiro a adicionar uma tag!

MARC

LEADER 00000nbm a2200000 4500
001 0243507
005 20181108092013.9
041 0 |a slo 
044 |a SK 
245 1 0 |a Analýza väzieb súvahy a výkazu ziskov a strát účtovnej závierky podnikateľa (so zameraním na veľkú účtovnú jednotku)  |b diplomová práca  |c Nikola Maruniaková ; školiteľ: Anna Šlosárová 
264 1 |a Bratislava  |c 2018 
300 |a 66 s. 
100 1 |a Maruniaková, Nikola 
700 1 |a Šlosárová, Anna 
710 2 |a Fakulta hospodárskej informatiky EU. Katedra účtovníctva a audítorstva